000 00550nam a2200193 i 4500
001 44449
003 ES-MaACL
005 20230906161032.0
007 t|
008 030321s1970 sp ||||1| spa d
080 _a621-52
100 0 _aClement, J. M.
_939181
245 1 0 _aIntroducción al control e instrumentación /
_cJ.M. Clement.
250 _a[1ª ed.].
260 _aMadrid, etc. :
_bAlhambra,
_c[1970]
300 _aXI, 225 p. :
_bil. ;
_c20 cm.
650 4 _aAutomatización-
_xControl.
_9145851
852 _aES-MaACL
_jC-48638
_bR.73107
999 _c44449
_d44449